[Event "Thessaloniki White Tower op-A 44th"]
[Site "Thessaloniki"]
[Date "2024.01.03"]
[Round "3"]
[White "Kosmidis, Ioannis"]
[Black "Anastasopoulou, Andrianna"]
[Result "1/2-1/2"]
[WhiteElo "2131"]
[BlackElo "1806"]
[PlyCount "92"]
[EventDate "2024.01.02"]
[EventType "swiss"]
[EventRounds "9"]
[EventCountry "GRE"]
[SourceTitle "CB02_2024"]
[SourceDate "2024.01.10"]
[SourceVersion "1"]
[SourceVersionDate "2024.01.10"]
[SourceQuality "1"]

1. d4 d5 2. Nf3 Nf6 3. g3 Bf5 4. Bg2 e6 5. c4 c6 6. Nc3 Bd6 7. 0-0 Nbd7 8. Qb3 Rb8 9. Nh4 Bg6 10. Bg5 dxc4 11. Qxc4 Nb6 12. Qb3 Be7 13. Nxg6 hxg6 14. Rfd1 Ng4 15. Bxe7 Qxe7 16. h3 Nf6 17. e4 0-0 18. a4 Rfd8 19. a5 Nbd7 20. Rd2 g5 21. Rad1 e5 22. dxe5 Nxe5 23. Rxd8+ Rxd8 24. Rxd8+ Qxd8 25. Qxb7 Qxa5 26. Qc8+ Kh7 27. Qf5+ Kg8 28. Qc8+ Kh7 29. Qf5+ Kg8 30. Kh2 Qc5 31. f4 gxf4 32. gxf4 Ned7 33. e5 Nf8 34. Qc8 Nh5 35. Qg4 g6 36. Ne4 Qd4 37. Qg5 Ne6 38. Qh6 Nexf4 39. Ng5 Qd7 40. Qh7+ Kf8 41. Qh8+ Ke7 42. Qg8 Qf5 43. Qb8 Qd7 44. Qb4+ Ke8 45. Qb8+ Ke7 46. Qb4+ Ke8 1/2-1/2

[Event "EU-ch Online U2300 Qual"]
[Site "Chess.com INT"]
[Date "2020.05.25"]
[Round "6"]
[White "Sokolovsky, Yahli"]
[Black "Kosmidis, Ioannis"]
[Result "0-1"]
[WhiteElo "2123"]
[BlackElo "2130"]
[PlyCount "60"]
[EventDate "2020.05.25"]
[EventType "swiss"]
[EventRounds "8"]
[EventCountry "NET"]
[SourceTitle "EXT 2021"]
[Source "ChessBase"]
[SourceDate "2020.10.23"]
[SourceVersion "1"]
[SourceVersionDate "2020.10.23"]
[SourceQuality "1"]

1. e4 e6 2. d4 d5 3. Nd2 Nf6 4. e5 Nfd7 5. Bd3 c5 6. c3 Nc6 7. Ne2 cxd4 8. cxd4 f6 9. exf6 Nxf6 10. Nf3 Bd6 11. 0-0 Qc7 12. Bd2 0-0 13. Rc1 a6 14. Ne5 Bxe5 15. dxe5 Qxe5 16. Bf4 Qh5 17. Bg3 e5 18. Nc3 Qxd1 19. Rfxd1 Be6 20. Bc2 Rad8 21. Bb3 Rfe8 22. Rd2 d4 23. Bxe6+ Rxe6 24. Na4 Ne4 25. Nc5 Nxc5 26. Rxc5 e4 27. Kf1 Rf8 28. Ke2 e3 29. fxe3 Rxe3+ 30. Kd1 Rf1+ 0-1

[Event "Paracin Summer op-A 12th"]
[Site "Paracin"]
[Date "2019.07.06"]
[Round "3"]
[White "Kosmidis, Ioannis"]
[Black "Mitev, Valentin"]
[Result "1-0"]
[WhiteElo "2100"]
[BlackElo "2296"]
[PlyCount "91"]
[EventDate "2019.07.05"]
[EventType "swiss"]
[EventRounds "9"]
[EventCountry "SRB"]
[SourceTitle "EXT 2020"]
[Source "ChessBase"]
[SourceDate "2019.10.17"]
[SourceVersion "1"]
[SourceVersionDate "2019.10.17"]
[SourceQuality "1"]

1. d4 d5 2. c4 c6 3. cxd5 cxd5 4. Bf4 Nc6 5. e3 Nf6 6. Nc3 a6 7. Bd3 g6 8. Rc1 Bg7 9. h3 0-0 10. Nf3 Bd7 11. 0-0 b5 12. a4 b4 13. Nb1 Qb6 14. Nbd2 Rfd8 15. Nb3 Ra7 16. Rc5 e6 17. Qe2 Bf8 18. a5 Qb7 19. Rc2 Ne4 20. Rfc1 Qa8 21. Bxe4 dxe4 22. Nfd2 Ne7 23. Bc7 Rxc7 24. Rxc7 Nd5 25. Rxd7 Rxd7 26. Nxe4 Be7 27. Nec5 Rc7 28. Qxa6 Qb8 29. Qd3 Bg5 30. Ra1 e5 31. Ne4 Be7 32. dxe5 Qa8 33. a6 Nb6 34. Nd6 Qd8 35. a7 Qa8 36. Qb5 Rxa7 37. Rxa7 Qxa7 38. Qe8+ Bf8 39. e6 fxe6 40. Qxe6+ Kg7 41. Ne8+ Kh6 42. Nd4 Qa5 43. g4 Qa1+ 44. Kh2 Qxb2 45. g5+ Kxg5 46. Qg4+ 1-0

[Event "Paracin Summer op-A 12th"]
[Site "Paracin"]
[Date "2019.07.06"]
[Round "2"]
[White "Skuhala, Jernej"]
[Black "Kosmidis, Ioannis"]
[Result "1/2-1/2"]
[WhiteElo "2290"]
[BlackElo "2100"]
[PlyCount "92"]
[EventDate "2019.07.05"]
[EventType "swiss"]
[EventRounds "9"]
[EventCountry "SRB"]
[SourceTitle "EXT 2020"]
[Source "ChessBase"]
[SourceDate "2019.10.17"]
[SourceVersion "1"]
[SourceVersionDate "2019.10.17"]
[SourceQuality "1"]

1. e4 e5 2. Nf3 Nc6 3. Bc4 Nf6 4. Qe2 h6 5. c3 d6 6. d3 g6 7. Nbd2 Bg7 8. h3 0-0 9. g4 Na5 10. Bb5 a6 11. Ba4 b5 12. Bc2 c5 13. Nf1 Re8 14. Ng3 d5 15. g5 hxg5 16. Bxg5 Qd6 17. Qd2 Bb7 18. Rg1 dxe4 19. dxe4 Qxd2+ 20. Nxd2 Kh7 21. 0-0-0 Rad8 22. Nf3 Rxd1+ 23. Rxd1 Bh6 24. h4 Re7 25. b3 Bxg5+ 26. hxg5 Nd7 27. Nh2 Nc6 28. Ng4 Kg7 29. Ne3 Nf8 30. Nd5 Rd7 31. Rh1 Ne6 32. Nf6 Rd8 33. Rd1 Rxd1+ 34. Bxd1 Nxg5 35. Nd7 Ne6 36. Bg4 Ncd8 37. Nxe5 Kf6 38. Nd3 Kg5 39. Bxe6 Nxe6 40. Kd2 f5 41. exf5 gxf5 42. Ne2 Be4 43. Ne1 Nf4 44. Ng3 Kg4 45. Nf1 Kg5 46. Ne3 Nh3 1/2-1/2

[Event "Paracin Summer op-A 12th"]
[Site "Paracin"]
[Date "2019.07.05"]
[Round "1"]
[White "Kosmidis, Ioannis"]
[Black "Koksal, Ege"]
[Result "0-1"]
[WhiteElo "2100"]
[BlackElo "2368"]
[PlyCount "82"]
[EventDate "2019.07.05"]
[EventType "swiss"]
[EventRounds "9"]
[EventCountry "SRB"]
[SourceTitle "EXT 2020"]
[Source "ChessBase"]
[SourceDate "2019.10.17"]
[SourceVersion "1"]
[SourceVersionDate "2019.10.17"]
[SourceQuality "1"]

1. d4 Nf6 2. c4 e6 3. g3 d5 4. Nf3 dxc4 5. Qa4+ Nbd7 6. Qxc4 a6 7. Bg2 b5 8. Qc6 Rb8 9. Bf4 Nd5 10. Bg5 N5f6 11. 0-0 Bb7 12. Qc1 Rc8 13. Rd1 Be7 14. Nc3 0-0 15. Ne5 Bxg2 16. Kxg2 Qe8 17. Nxd7 Nxd7 18. Bxe7 Qxe7 19. Qe3 c5 20. Ne4 c4 21. h4 h6 22. Qf4 Nb6 23. Qd6 Qxd6 24. Nxd6 Rc6 25. Nb7 Nd7 26. e4 Rc7 27. Nd6 Nb6 28. Rac1 Rd8 29. e5 Rb8 30. Kf3 Nd5 31. a3 Nb6 32. Ke4 Kf8 33. g4 Ke7 34. h5 Nd5 35. Rg1 c3 36. b3 c2 37. Rg3 Rc6 38. b4 Rc7 39. Nxf7 Kxf7 40. Rd3 Nc3+ 41. Rxc3 Rxc3 0-1

[Event "GRE CupT final 36th"]
[Site "Rio Achaia"]
[Date "2018.07.08"]
[Round "1.1"]
[White "Dounis, Alexandros"]
[Black "Kosmidis, Ioannis"]
[Result "1-0"]
[WhiteElo "2258"]
[BlackElo "2022"]
[PlyCount "59"]
[EventDate "2018.07.08"]
[EventType "team-k.o."]
[EventRounds "3"]
[EventCountry "GRE"]
[SourceTitle "CBM 185 Extra"]
[Source "ChessBase"]
[SourceDate "2018.07.29"]
[SourceVersion "1"]
[SourceVersionDate "2018.07.29"]
[SourceQuality "1"]
[WhiteTeam "Asia Aegiou"]
[BlackTeam "Potemaima Potemaios"]
[WhiteTeamCountry "GRE"]
[BlackTeamCountry "GRE"]

1. Nf3 d5 2. g3 c6 3. Bg2 Bg4 4. 0-0 Nd7 5. d3 Ngf6 6. Qe1 e5 7. e4 dxe4 8. dxe4 Bc5 9. Nbd2 b5 10. h3 Bh5 11. Nb3 Bb6 12. a4 a6 13. axb5 cxb5 14. Qb4 Qc7 15. Nh4 Bc5 16. Nxc5 Qxc5 17. Qxc5 Nxc5 18. f4 Be2 19. Re1 Bc4 20. b3 Be6 21. Bb2 exf4 22. e5 f3 23. Bxf3 Nd5 24. c4 Nd3 25. cxd5 Nxe1 26. Rxe1 Bxh3 27. e6 fxe6 28. Kh2 0-0 29. Kxh3 g5 30. Bg4 1-0

[Event "Stavroupolis Novidis Memorial 7th"]
[Site "Stavroupolis"]
[Date "2018.06.21"]
[Round "3"]
[White "Tsekmes, Dimitrios"]
[Black "Kosmidis, Ioannis"]
[Result "1/2-1/2"]
[WhiteElo "2163"]
[BlackElo "2018"]
[PlyCount "82"]
[EventDate "2018.06.19"]
[EventType "swiss"]
[EventRounds "7"]
[EventCountry "GRE"]
[SourceTitle "EXT 2019"]
[Source "ChessBase"]
[SourceDate "2018.10.10"]
[SourceVersion "1"]
[SourceVersionDate "2018.10.10"]
[SourceQuality "1"]

1. e4 e6 2. d4 d5 3. Nc3 Bb4 4. e5 Ne7 5. a3 Bxc3+ 6. bxc3 c5 7. Qg4 Qc7 8. Qxg7 Rg8 9. Qxh7 cxd4 10. Ne2 dxc3 11. f4 Nbc6 12. Qd3 d4 13. Nxd4 Nxd4 14. Qxd4 Bd7 15. Be3 Bc6 16. Rd1 Bxg2 17. Rg1 Bxf1 18. Rxg8+ Nxg8 19. Kxf1 Qc6 20. Rd3 Ne7 21. Qxc3 Qh1+ 22. Bg1 Rc8 23. Qd4 Qc6 24. Rd2 Qf3+ 25. Qf2 Qxa3 26. Kg2 Qc3 27. Qe3 Qc6+ 28. Qf3 Nd5 29. Bxa7 b6 30. Qb3 Nc3+ 31. Kg1 Qc5+ 32. Rf2 Nd5 33. c4 Qxc4 34. Qxc4 Rxc4 35. Rb2 Rxf4 36. Bxb6 Re4 37. Bf2 Rxe5 38. Rb8+ Ke7 39. Rb7+ Ke8 40. Rb8+ Kd7 41. Rb7+ Ke8 1/2-1/2

[Event "Skopje U2200 op"]
[Site "Skopje"]
[Date "2017.12.09"]
[Round "5"]
[White "Mihov, Filip"]
[Black "Kosmidis, Ioannis"]
[Result "0-1"]
[WhiteElo "2193"]
[BlackElo "1960"]
[PlyCount "42"]
[EventDate "2017.12.07"]
[EventType "swiss"]
[EventRounds "7"]
[EventCountry "MKD"]
[SourceTitle "CBM 182 Extra"]
[Source "ChessBase"]
[SourceDate "2018.02.23"]
[SourceVersion "1"]
[SourceVersionDate "2018.02.23"]
[SourceQuality "1"]

1. d4 Nf6 2. c4 d6 3. Nc3 Bf5 4. f3 e5 5. dxe5 dxe5 6. Qxd8+ Kxd8 7. e4 Be6 8. Be3 c6 9. 0-0-0+ Kc7 10. b3 Na6 11. Na4 Ba3+ 12. Kb1 Rhd8 13. Rxd8 Rxd8 14. Be2 b6 15. g4 Nc5 16. Nb2 a5 17. h4 a4 18. Kc2 axb3+ 19. axb3 Bb4 20. Nh3 Ra8 21. Nf2 Nxb3 0-1

[Event "Skopje U2200 op"]
[Site "Skopje"]
[Date "2017.12.07"]
[Round "1"]
[White "Jovic, Stevan"]
[Black "Kosmidis, Ioannis"]
[Result "0-1"]
[WhiteElo "2171"]
[BlackElo "1960"]
[PlyCount "40"]
[EventDate "2017.12.07"]
[EventType "swiss"]
[EventRounds "7"]
[EventCountry "MKD"]
[SourceTitle "CBM 182 Extra"]
[Source "ChessBase"]
[SourceDate "2018.02.23"]
[SourceVersion "1"]
[SourceVersionDate "2018.02.23"]
[SourceQuality "1"]

1. d4 Nf6 2. c4 d6 3. Nf3 g6 4. Nc3 Bf5 5. Nh4 Bd7 6. g3 c6 7. e4 e5 8. d5 Na6 9. f3 cxd5 10. cxd5 Qb6 11. Ng2 h5 12. Ne3 Bh6 13. Nc4 Qc5 14. Bxh6 Rxh6 15. Qd2 Rh8 16. Rc1 Rc8 17. a3 Kf8 18. Na2 Kg7 19. Nxe5 Qb6 20. Nc4 Qb3 0-1

[Event "Nea Moudania op 2nd"]
[Site "Nea Moudania"]
[Date "2016.08.28"]
[Round "7"]
[White "Kesidis, Odyseas"]
[Black "Kosmidis, Ioannis"]
[Result "1-0"]
[WhiteElo "2248"]
[BlackElo "1871"]
[PlyCount "59"]
[EventDate "2016.08.22"]
[EventType "swiss"]
[EventRounds "9"]
[EventCountry "GRE"]
[SourceTitle "CBM 174 Extra"]
[Source "ChessBase"]
[SourceDate "2016.10.10"]
[SourceVersion "1"]
[SourceVersionDate "2016.10.10"]
[SourceQuality "1"]

1. e4 e6 2. d4 d5 3. Nd2 Be7 4. e5 c5 5. c3 Nc6 6. Bd3 Nh6 7. Ne2 cxd4 8. cxd4 Nf5 9. 0-0 Qb6 10. Nf3 Bd7 11. Kh1 Rc8 12. a3 Na5 13. Bc2 Bb5 14. Re1 Bc4 15. b4 Bxe2 16. Rxe2 Nc4 17. Ba4+ Kf8 18. Bb3 Qd8 19. b5 g5 20. g4 Nh6 21. h3 Ng8 22. Kg2 h5 23. Rc2 hxg4 24. hxg4 Nh6 25. Ne1 Qa5 26. a4 Nxg4 27. Bd2 Nxf2 28. Kxf2 Rh2+ 29. Ng2 Bb4 30. Bxc4 1-0

[Event "GRE-chT 40th"]
[Site "Achaia"]
[Date "2012.07.02"]
[Round "4.15"]
[White "Kosmidis, Ioannis"]
[Black "Vafiadis, Kleanthis"]
[Result "0-1"]
[WhiteElo "1792"]
[BlackElo "2299"]
[PlyCount "84"]
[EventDate "2012.06.30"]
[EventType "team-swiss"]
[EventRounds "7"]
[EventCountry "GRE"]
[SourceTitle "CBM 149 Extra"]
[Source "ChessBase"]
[SourceDate "2012.08.24"]
[SourceVersion "1"]
[SourceVersionDate "2012.08.24"]
[SourceQuality "1"]
[WhiteTeam "Ptolemaida Ptolemaios"]
[BlackTeam "Panathlitikos Sykeon"]
[WhiteTeamCountry "GRE"]
[BlackTeamCountry "GRE"]

1. Nf3 Nf6 2. g3 d6 3. Bg2 e5 4. d3 Be7 5. c4 0-0 6. 0-0 c6 7. Nc3 h6 8. Qc2 Be6 9. b3 Nbd7 10. d4 Qc7 11. dxe5 dxe5 12. Bb2 b5 13. cxb5 cxb5 14. Rac1 Rac8 15. Qb1 Qb6 16. Nh4 Ng4 17. Nf5 Bc5 18. e3 Nxf2 19. b4 Bxe3 20. Ne7+ Kh8 21. Nxc8 Rxc8 22. Nd5 Ng4+ 23. Kh1 Qb8 24. Rxc8+ Qxc8 25. Nxe3 Nxe3 26. Rc1 Nc4 27. Qd3 Qa6 28. Bc3 Qxa2 29. Be4 Qa6 30. Rf1 Qb6 31. Be1 Nf6 32. Bf2 Qc7 33. Bg2 a5 34. bxa5 Qxa5 35. Rb1 e4 36. Qd4 Qa2 37. Rxb5 Qe2 38. Rb1 e3 39. Rb8+ Kh7 40. Be4+ Nxe4 41. Qxe4+ f5 42. Qa8 Qd1+ 0-1

[Event "World Amateur-ch"]
[Site "Neos Marmaras"]
[Date "2012.04.22"]
[Round "9"]
[White "Kosmidis, Ioannis"]
[Black "Herda, Christoph"]
[Result "1-0"]
[WhiteElo "1750"]
[BlackElo "1897"]
[PlyCount "89"]
[EventDate "2012.04.16"]
[EventType "swiss"]
[EventRounds "9"]
[EventCountry "GRE"]
[SourceTitle "CBM 148 Extra"]
[Source "ChessBase"]
[SourceDate "2012.06.22"]
[SourceVersion "1"]
[SourceVersionDate "2012.06.22"]
[SourceQuality "1"]

1. d4 Nf6 2. Nf3 e6 3. Bf4 c5 4. e3 cxd4 5. exd4 Qb6 6. Nc3 Qxb2 7. Nb5 Nd5 8. a3 Nxf4 9. Bc4 Na6 10. Ra2 Qxa2 11. Bxa2 Nxg2+ 12. Kf1 Nf4 13. Qd2 Nh5 14. d5 b6 15. Ne5 f6 16. Nc4 e5 17. Nbd6+ Bxd6 18. Nxd6+ Ke7 19. Nf5+ Kd8 20. d6 Bb7 21. Bd5 Nc5 22. Bxb7 Nxb7 23. Qd5 Rb8 24. Qf7 g6 25. Qe7+ Kc8 26. Ng3 Nf4 27. Qxf6 Re8 28. Ne4 Nc5 29. f3 Nxe4 30. fxe4 Kb7 31. Ke1 Ng2+ 32. Ke2 Nf4+ 33. Ke3 Re6 34. Qg7 Kc6 35. Rd1 h5 36. Qf7 b5 37. c3 a5 38. Rd2 Rc8 39. h4 Rb8 40. Qg7 Rbe8 41. c4 Rb8 42. cxb5+ Rxb5 43. Rc2+ Rc5 44. Rxc5+ Kxc5 45. Qxd7 1-0

[Event "Ptolemaida Atomiko op 11th"]
[Site "Ptolemaida"]
[Date "2010.03.27"]
[Round "6"]
[White "Kosmidis, Ioannis"]
[Black "Magkias, Vasilios"]
[Result "0-1"]
[WhiteElo "1752"]
[BlackElo "1715"]
[PlyCount "74"]
[EventDate "2010.03.25"]
[EventType "swiss"]
[EventRounds "7"]
[EventCountry "GRE"]
[SourceTitle "CBM 135 Extra"]
[Source "ChessBase"]
[SourceDate "2010.05.04"]
[SourceVersion "1"]
[SourceVersionDate "2010.05.04"]
[SourceQuality "1"]

1. d4 Nf6 2. c4 e6 3. Nf3 Be7 4. Nc3 d5 5. Bg5 0-0 6. e3 Nbd7 7. Rc1 a6 8. cxd5 exd5 9. Bd3 b6 10. 0-0 Bb7 11. Qe2 c5 12. b3 Re8 13. Qb2 Bd6 14. Ne2 Qc7 15. Ng3 h6 16. Bxf6 Nxf6 17. Nf5 Bf8 18. dxc5 bxc5 19. Nxh6+ gxh6 20. Qxf6 Bg7 21. Qh4 Qd6 22. Qg3 Qxg3 23. hxg3 Rac8 24. Rfd1 a5 25. Bb5 Red8 26. Nh4 Bf6 27. Nf5 h5 28. Be2 a4 29. Bxh5 Ba6 30. Bf3 c4 31. bxc4 Bxc4 32. Rd2 Rb8 33. Nd4 a3 34. Rc3 Rb2 35. Rcc2 Rdb8 36. Nb3 Bxb3 37. axb3 a2 0-1

[Event "GRE-chT U16"]
[Site "Chalkida"]
[Date "2009.12.12"]
[Round "4.4"]
[White "Kosmidis, Ioannis"]
[Black "Kalogridakis, Georgios"]
[Result "0-1"]
[WhiteElo "1906"]
[BlackElo "1753"]
[PlyCount "66"]
[EventDate "2009.12.11"]
[EventType "team-swiss"]
[EventRounds "5"]
[EventCountry "GRE"]
[SourceTitle "EXT 2011"]
[Source "ChessBase"]
[SourceDate "2010.11.26"]
[SourceVersion "1"]
[SourceVersionDate "2010.11.26"]
[SourceQuality "1"]
[WhiteTeam "Ptolemaida Ptolemaios"]
[BlackTeam "Filadelfia CN"]
[WhiteTeamCountry "GRE"]
[BlackTeamCountry "GRE"]

1. d4 d5 2. Nf3 e6 3. Bf4 Nf6 4. e3 Nbd7 5. Bd3 c5 6. c3 c4 7. Bc2 a6 8. Nbd2 b5 9. Ne5 Bb7 10. Ndf3 Be7 11. 0-0 0-0 12. Re1 Qb6 13. Rb1 Rac8 14. Bg5 Bd6 15. Bf4 h6 16. Nxd7 Nxd7 17. Ne5 Nxe5 18. dxe5 Bc5 19. Qg4 f5 20. Qg6 Kh8 21. g4 Qd8 22. gxf5 exf5 23. Bxf5 Rxf5 24. Qxf5 d4 25. cxd4 Bb4 26. Rf1 Qh4 27. Bg3 Qe7 28. Rbd1 Rf8 29. Qh3 Bf3 30. Rc1 Qb7 31. a3 Be7 32. Bf4 Qe4 33. Qe6 Bh4 0-1